[Event "4th ch-Mediterranean"]
[Site "Cannes FRA"]
[Date "2007.02.20"]
[Round "4"]
[White "Cabrera Trujillo,J"]
[Black "Nikac,P"]
[Result "1-0"]
[WhiteElo "2279"]
[BlackElo "2383"]

1.e4 c5 2.Nf3 Nc6 3.Nc3 d6 4.d4 cxd4 5.Nxd4 e5 6.Nf3 Nf6 7.Bc4 Be7 8.O-O O-O
9.Bg5 Bg4 10.h3 Bxf3 11.Qxf3 Nd4 12.Qd1 Rc8 13.Bxf6 Bxf6 14.Bb3 Bg5 15.Nd5 Kh8
16.c3 Ne6 17.Qf3 g6 18.Rad1 f5 19.Ne3 fxe4 20.Qxe4 Nc5 21.Qd5 Bxe3 22.fxe3 Rxf1+
23.Rxf1 Rc7 24.Rf6 Rd7 25.Qf3 Kg7 26.Rf7+ Rxf7 27.Qxf7+ Kh6 28.g4 Kg5 29.Qxh7 Nxb3
30.axb3 Qb6 31.Qe7+ Kh6 32.Kf2 Qc6 33.Qf8+ Kh7 34.Qf7+ Kh6 35.Qf3 d5 36.Qf8+ Kh7
37.Qe7+ Kg8 38.Qxe5 a6 39.Kg3 Qd7 40.h4 Qb5 41.Kf4 Kf7 42.b4 Qd7 43.g5 Kg8
44.Qf6 Kh7 45.Ke5 b6 46.Qe6 Qc7+ 47.Kxd5 b5 48.Kd4 Qd8+ 49.Ke4 Qa8+ 50.Kf4 Qg2
51.Qf7+ Kh8 52.Qf8+ Kh7 53.Qh6+ Kg8 54.Qxg6+ Kh8 55.Qe8+ Kg7 56.Qe7+ Kh8
57.Qf8+  1-0

[Event "4th ch-Mediterranean"]
[Site "Cannes FRA"]
[Date "2007.02.21"]
[Round "5"]
[White "Calzetta,M"]
[Black "Saric,Iv"]
[Result "0-1"]
[WhiteElo "2352"]
[BlackElo "2469"]

1.e4 c5 2.Nc3 Nc6 3.Nf3 d6 4.Bb5 e5 5.Bxc6+ bxc6 6.d3 Be7 7.h3 Be6 8.Qe2 Rb8
9.Nd1 Bf6 10.Bd2 Ne7 11.Ng5 Bd7 12.Qh5 Ng6 13.Nxh7 Ke7 14.Nxf6 Rxh5 15.Nxh5 Kf8
16.b3 Qh4 17.Ng3 Nf4 18.Ne3 g6 19.Rg1 d5 20.O-O-O Be6 21.Kb2 c4 22.dxc4 d4
23.Ng4 Bxg4 24.hxg4 Qxg4 25.Ba5 Qd7 26.Rd2 Ne6 27.Rh1 Kg7 28.Rdd1 Rh8 29.Rxh8 Kxh8
30.Ne2 c5 31.Nc1 f6 32.Nd3 Qh7 33.g3 Qh2 34.a3 Kg7 35.b4 Qh8 36.bxc5 Qc8
37.Bb4 Qb7 38.Ka1 Qxe4 39.Re1 Qc6 40.f4 e4 41.f5 gxf5 42.Nf4 Nxf4 43.gxf4 e3
44.Kb2 a5 45.Bxa5 Qxc5 46.Bb4 Qxc4 47.Rd1 Kf7 48.Rh1 d3 49.cxd3 Qxd3 50.Rh7+ Kg6
51.Re7 Qd4+ 52.Bc3 Qxf4 53.a4 Qb8+ 54.Kc2 f4 55.a5 Qb5  0-1

[Event "Meurthe et Moselle IM"]
[Site "Nancy FRA"]
[Date "2007.02.21"]
[Round "4"]
[White "Woehrel,H"]
[Black "Gerard,N"]
[Result "1-0"]
[WhiteElo "2166"]
[BlackElo "2307"]

1.e4 c5 2.Nc3 Nc6 3.Bb5 Nd4 4.Bc4 e6 5.Nge2 Nf6 6.O-O a6 7.d3 d5 8.exd5 exd5
9.Nxd5 Nxd5 10.Nxd4 cxd4 11.Qh5 Be6 12.Re1 Be7 13.Rxe6 O-O 14.Re2 Nf6 15.Qf3 b5
16.Bb3 Qd7 17.a4 Rae8 18.axb5 axb5 19.Bd2 Bd6 20.Rae1 Rxe2 21.Rxe2 Qc7 22.g3 Qc5
23.c3 b4 24.cxb4 Qb6 25.Bc4 Bxb4 26.Bxb4 Qxb4 27.b3 h5 28.h3 Qc5 29.Qb7 Qf5
30.Kg2 h4 31.Qf3 Qc5 32.g4 Nh7 33.Qd5 Qb6 34.Re5 g6 35.g5 Qa7 36.Qe4 Kg7
37.Re7 Qa3 38.Qxd4+ Kg8 39.Qe3 Qa5 40.Re5 Qa3 41.Qe4 Kg7 42.Qxh4 f6 43.Qh6+ Kh8
44.gxf6  1-0

[Event "4th ch-Mediterranean"]
[Site "Cannes FRA"]
[Date "2007.02.22"]
[Round "6"]
[White "Georgiadis,I"]
[Black "Saric,Iv"]
[Result "0-1"]
[WhiteElo "2388"]
[BlackElo "2469"]

1.e4 c5 2.Nf3 Nc6 3.Nc3 d6 4.d4 cxd4 5.Nxd4 Nf6 6.Bg5 e6 7.Qd2 a6 8.O-O-O Bd7
9.Nxc6 Bxc6 10.Qe1 Qa5 11.f4 Be7 12.Kb1 h6 13.Bxf6 Bxf6 14.Nd5 Qxe1 15.Nxf6+ gxf6
16.Rxe1 Rg8 17.Rg1 h5 18.Kc1 Ke7 19.Kd2 h4 20.Ke3 d5 21.exd5 Bxd5 22.c4 Bc6
23.g4 hxg3 24.hxg3 f5 25.Rd1 Rh8 26.Rd2 Rad8 27.Rxd8 Rxd8 28.Be2 Rh8 29.g4 Rh3+
30.Kd4 Rh2 31.Ke3 fxg4 32.Rxg4 Rh1 33.Bd3 Ra1 34.Kd4 Rxa2 35.b4 Rd2 36.Rh4 Rf2
37.b5 axb5 38.cxb5 Bd5 39.Kc5 Rf3 40.Be2 Re3 41.Rh2 Rc3+ 42.Kd4 Rc2 43.Kd3 Rb2
44.Rh7 Rb4 45.Ke3 Re4+ 46.Kf3 e5 47.Rh5 Rxf4+ 48.Ke3 f6  0-1

[Event "Aeroflot Open"]
[Site "Moscow RUS"]
[Date "2007.02.22"]
[Round "9"]
[White "Mamedov,Rau"]
[Black "Moiseenko,A1"]
[Result "0-1"]
[WhiteElo "2566"]
[BlackElo "2627"]

1.e4 c5 2.Nf3 Nc6 3.Nc3 d6 4.d4 cxd4 5.Nxd4 e5 6.Ndb5 a6 7.Na3 Be7 8.Nd5 Nf6
9.Nxe7 Nxe7 10.Bd3 d5 11.exd5 Nexd5 12.O-O O-O 13.h3 e4 14.Be2 Qc7 15.c4 Nf4
16.Bxf4 Qxf4 17.Qc1 Qe5 18.b3 Be6 19.Qe3 Qb2 20.b4 Qxb4 21.Rab1 Qe7 22.f3 exf3
23.Bxf3 Rab8 24.Rb2 Rfe8 25.c5 Qc7 26.Qf2 h6 27.Rd1 Nd7 28.Rc2 Ne5 29.Be2 Rbd8
30.Rb1 Rd5 31.Bf1 Rc8 32.Rc3 b5 33.c6 Nxc6 34.Rbc1 Qd6 35.Nc2 Ne7 36.Rxc8+ Nxc8
37.Ne3 Rd2 38.Qf3 Ne7 39.a4 bxa4 40.Qa8+ Kh7 41.Qe4+ Ng6 42.Qxa4 Qg3 43.Qe4 Bxh3
44.Rc6 Bxg2 45.Bxg2 Re2 46.Rc3 Qe1+  0-1

[Event "14th Belisce Metalis Open"]
[Site "Bizovac CRO"]
[Date "2007.02.23"]
[Round "3"]
[White "Dragojlovic,A"]
[Black "Ivankovic,S"]
[Result "1-0"]
[WhiteElo "2402"]
[BlackElo "2117"]

1.e4 c5 2.Nf3 Nc6 3.Nc3 e6 4.Bb5 a6 5.Bxc6 dxc6 6.e5 c4 7.a4 Bb4 8.Qe2 Bxc3
9.dxc3 b5 10.O-O Ne7 11.Ng5 Qc7 12.Re1 Bb7 13.Qh5 Ng6 14.Ne4 Rd8 15.Nd6+ Rxd6
16.exd6 Qxd6 17.Be3 Qd5 18.Qxd5 exd5 19.Bd4+ Kd7 20.Bxg7 Rg8 21.Bf6 c5 22.axb5 axb5
23.g3 h5 24.h4 Kc6 25.Kf1 Kb6 26.f3 Kc6 27.Kf2 Rc8 28.g4  1-0

[Event "14th Belisce Metalis Open"]
[Site "Bizovac CRO"]
[Date "2007.02.23"]
[Round "4"]
[White "Ascic,P"]
[Black "Aleksic,R"]
[Result "1-0"]
[WhiteElo "2387"]
[BlackElo "2169"]

1.e4 c5 2.Nf3 Nc6 3.Nc3 Nf6 4.d4 cxd4 5.Nxd4 e5 6.Ndb5 d6 7.Nd5 Nxd5 8.exd5 Ne7
9.c4 Ng6 10.g3 a6 11.Nc3 Be7 12.h4 Nf8 13.Be3 Nd7 14.Bd3 b6 15.Qe2 Rb8 16.O-O-O Nf6
17.f3 h5 18.Kb1 Bd7 19.Bc2 Qc7 20.Rc1 Qb7 21.Rhd1 Kf8 22.Rd2 Bd8 23.Bd3 g6
24.Bg5 Kg7 25.Qf1 Qc8 26.Ka1 Bh3 27.Qd1 Re8 28.Rdc2 Bd7 29.Qe2 Bf5 30.Bxf5 gxf5
31.Rg1 Rg8 32.a3 Qd7 33.Nd1 b5 34.c5 Nxd5 35.c6 Qc7 36.Qd3 Bxg5 37.hxg5 Ne7
38.Ne3 Rb6 39.Rgc1 b4 40.Nxf5+ Nxf5 41.Qxf5 bxa3 42.Qf6+ Kf8 43.bxa3 Rg6
44.Qh8+ Ke7 45.f4 Rb3 46.Ka2 Rb8 47.Qxh5 e4 48.Qe2 d5 49.Qxa6 Rgg8 50.Qa4 Rg6
51.Qd4 Rb5 52.Rc3 Kf8 53.R1c2 Ke7 54.Qe3 Kf8 55.f5 Rd6 56.Qd4 f6 57.gxf6 Kf7
58.g4 Rxf6 59.Rh3 Qf4 60.c7 Qf1 61.Rh7+  1-0

[Event "V Breizh Masters GM"]
[Site "Guingamp FRA"]
[Date "2007.02.23"]
[Round "8"]
[White "Monroy,C"]
[Black "Kryvoruchko,Y"]
[Result "0-1"]
[WhiteElo "2408"]
[BlackElo "2592"]

1.e4 c5 2.Nf3 Nc6 3.Nc3 e5 4.Bc4 Be7 5.d3 Nf6 6.Nd2 d6 7.Nf1 Bg4 8.f3 Be6
9.Ne3 O-O 10.O-O a6 11.Ncd5 b5 12.Bb3 Rb8 13.f4 Bxd5 14.Nxd5 Nd4 15.Kh1 Nxb3
16.Nxe7+ Qxe7 17.axb3 Rb6 18.Qf3 Rc6 19.Bd2 Rfc8 20.fxe5 dxe5 21.Bg5 Qe8
22.Ra5 Nd7 23.Rfa1 Qe6 24.Be3 Qd6 25.h3 Nf8 26.Qg4 Re8 27.Qe2 Ne6 28.Qf2 Nd4
29.Rf1 Qc7 30.Rfa1 Ree6 31.Qd2 Qc8 32.Qd1 Rg6 33.c4 b4 34.Bxd4 exd4 35.Qf3 Rg5
36.Qf4 h6 37.e5 Rcg6 38.Qf3 Rg3  0-1

[Event "Magistral II"]
[Site "Necochea ARG"]
[Date "2007.02.23"]
[Round "6"]
[White "Orsini,A"]
[Black "Aguilar,A"]
[Result "0-1"]
[WhiteElo "2370"]
[BlackElo "2258"]

1.e4 c5 2.Nc3 Nc6 3.Nf3 Nf6 4.Bb5 Qc7 5.O-O Nd4 6.Re1 a6 7.Bc4 d6 8.Nd5 Nxd5
9.exd5 Bg4 10.Be2 Nxe2+ 11.Qxe2 O-O-O 12.b4 e5 13.Rb1 Re8 14.b5 axb5 15.Qxb5 Bd7
16.Qc4 Be7 17.Re3 Bd8 18.Ra3 b5 19.Qe2 Re7 20.Rab3 Qa7 21.a3 Ba5 22.c4 e4
23.Ne1 Qa8 24.Nc2 f5 25.cxb5 Qxd5 26.Ne3 Qe6 27.b6 Kb7 28.Nc4 Ra8 29.Rb5 Bb4
30.axb4 Bxb5 31.Nxd6+ Qxd6 32.Qxb5 cxb4 33.Rxb4 Qc6 34.Bb2 Qxb5 35.Rxb5 g6
36.Kf1 Rd7 37.Bc3 Rd6 38.Ke2 Rxb6 39.Re5 Rc6 40.Ke3 Rd8 41.Re7+ Kb6 42.Rxh7 Kc5
43.h4 Kd5 44.Rg7 Re6 45.Kf4 Kc4 46.Kg5 Rdd6 47.Rf7 Kd3 48.Bf6 Kxd2 49.g3 Ke2
50.Kxg6 Kxf2 51.h5 e3 52.h6 Re8 53.h7 e2 54.Re7 Rxf6+ 55.Kxf6 Rxe7 56.h8=Q e1=Q
57.Qh2+ Kf3 58.Qh5+ Kg2 59.Qxf5 Re3 60.Qc2+ Kxg3  0-1

[Event "TCh-BEL 2006-7"]
[Site "Belgium BEL"]
[Date "2007.02.25"]
[Round "9"]
[White "Marechal,A"]
[Black "Philipowski,R"]
[Result "1/2-1/2"]
[WhiteElo "2306"]
[BlackElo "2298"]

1.e4 c5 2.Nc3 Nc6 3.Bb5 g6 4.Bxc6 bxc6 5.d3 Bg7 6.Nge2 d6 7.Be3 Rb8 8.Rb1 Nf6
9.f3 O-O 10.Qd2 e5 11.O-O Nh5 12.a3 a5 13.Na4 f5 14.b4 axb4 15.axb4 fxe4
16.dxe4 cxb4 17.Rxb4 Rxb4 18.Qxb4 Ba6 19.c4 Qb8 20.Nb6 d5 21.exd5 cxd5 22.Qa5 Qb7
23.Bc5 Rb8 24.Nc3 Bxc4 25.Nxc4 dxc4 26.Rb1 Qc8 27.Rxb8 Qxb8 28.Qa4 h6 29.Qxc4+ Kh7
30.Ne4 Qb1+ 31.Qf1 Qc2 32.Qf2 Qd1+ 33.Qf1 Qc2 34.Qf2  1/2-1/2

[Event "TCh-BEL 2006-7"]
[Site "Belgium BEL"]
[Date "2007.02.25"]
[Round "9"]
[White "Knoppert,E"]
[Black "Vandevoort,P"]
[Result "0-1"]
[WhiteElo "2334"]
[BlackElo "2392"]

1.e4 c5 2.Ne2 Nc6 3.Nbc3 Nf6 4.g3 d5 5.exd5 Nd4 6.Bg2 Bg4 7.h3 Bf3 8.O-O Nxe2+
9.Nxe2 Bxg2 10.Kxg2 Qxd5+ 11.Kh2 e6 12.Nc3 Qc6 13.f4 O-O-O 14.Qf3 Qxf3 15.Rxf3 Nd5
16.Nxd5 exd5 17.d3  0-1

[Event "TCh-BEL 2006-7"]
[Site "Belgium BEL"]
[Date "2007.02.25"]
[Round "9"]
[White "Motwani,P"]
[Black "Leenhouts,K"]
[Result "1-0"]
[WhiteElo "2505"]
[BlackElo "2404"]

1.e4 c5 2.Nc3 Nc6 3.Bb5 g6 4.Bxc6 bxc6 5.Nge2 Bg7 6.O-O d6 7.d3 Nh6 8.Bd2 f6
9.h3 O-O 10.Qc1 Nf7 11.f4 e6 12.Ng3 f5 13.Nce2 c4 14.Bc3 Bxc3 15.Nxc3 cxd3
16.cxd3 Ba6 17.Rf3 Rb8 18.b3 Qa5 19.Kh2 d5 20.Na4 Qc7 21.Nc5 Bc8 22.exf5 exf5
23.Qc3 Nd6 24.Re1 Nb5 25.Qd2 Nd4 26.Rf2 g5 27.Re5 Qd6 28.Qc3 Nb5 29.Qc1 gxf4
30.Qxf4 Qxc5 31.Qg5+ Kh8 32.Re7 Qd4 33.Qh6  1-0

[Event "4th ch-Mediterranean"]
[Site "Cannes FRA"]
[Date "2007.02.25"]
[Round "9"]
[White "Krivec,J"]
[Black "Mehaibia,A"]
[Result "1-0"]
[WhiteElo "2316"]
[BlackElo "2190"]

1.e4 c5 2.Nc3 Nc6 3.Bb5 Nd4 4.Bc4 e6 5.Nge2 Qc7 6.d3 a6 7.Nxd4 cxd4 8.Ne2 b5
9.Bb3 Qb6 10.O-O Bb7 11.a4 Nf6 12.axb5 axb5 13.Rxa8+ Bxa8 14.Bf4 Be7 15.Be5 Bc5
16.Bxf6 gxf6 17.Ng3 Be7 18.f4 Qc5 19.f5 Qe5 20.Qg4 Kf8 21.Qh5 h6 22.fxe6 Qxh5
23.Nxh5 dxe6 24.Nxf6 Bxf6 25.Rxf6 Kg7 26.Rf1 Rc8 27.Ra1 Bc6 28.Ra7 Be8 29.Kf2 Kf6
30.Kg3 Ke5 31.Kg4 f5+ 32.exf5 exf5+ 33.Kg3 f4+ 34.Kg4 Bc6 35.Re7+ Kd6 36.Re6+ Kc5
37.Kxf4 Rf8+ 38.Ke5 Rf2 39.Rxh6 Bxg2 40.h4 Bf3 41.Rh8 Rh2 42.Rc8+ Bc6 43.Bd5 Re2+
44.Be4  1-0

[Event "Open A"]
[Site "Cannes FRA"]
[Date "2007.02.25"]
[Round "9"]
[White "Mogranzini,R"]
[Black "Wohl,A"]
[Result "1-0"]
[WhiteElo "2401"]
[BlackElo "2425"]

1.e4 c5 2.Nc3 Nc6 3.Bb5 Nd4 4.Bc4 e6 5.Nge2 a6 6.a4 Nf6 7.O-O d5 8.exd5 exd5
9.Ba2 Ne6 10.d3 Bd6 11.Ng3 h5 12.Re1 Kf8 13.Nf1 Bc7 14.Ne2 h4 15.d4 h3 16.g3 b6
17.f3 Bb7 18.c3 Nh7 19.Be3 Nhg5 20.Nd2 Qf6 21.f4 Nh7 22.Nf3 g5 23.Ne5 Bxe5
24.fxe5 Qf3 25.Nf4 Nxd4 26.cxd4 Qxd1 27.Raxd1 gxf4 28.Bxf4 c4 29.e6 f6 30.b3 b5
31.bxc4 bxc4 32.Bb1 Kg7 33.Bf5 Bc6 34.Kf2 Ng5 35.Rb1 Ne4+ 36.Ke3 Ra7 37.Rb6 Bxa4
38.Bxe4 dxe4 39.d5 Rh5 40.Kxe4 c3 41.Ra1 Bc2+ 42.Kd4 a5 43.d6 Bf5 44.d7 Rh8
45.Rb8 Bxe6 46.d8=Q Rxd8+ 47.Rxd8 c2  1-0

[Event "23rd Open"]
[Site "Cappelle la Grande FRA"]
[Date "2007.03.03"]
[Round "1"]
[White "Degraeve,JM"]
[Black "Roser,K"]
[Result "1-0"]
[WhiteElo "2548"]
[BlackElo "2400"]

1.e4 c5 2.Nc3 Nc6 3.Bb5 Nd4 4.Bc4 e6 5.Nge2 Nf6 6.O-O a6 7.d3 b5 8.Bb3 Nxb3
9.axb3 Bb7 10.Bg5 d6 11.f4 Be7 12.Ng3 h6 13.Bxf6 Bxf6 14.Qe2 b4 15.Nd1 O-O
16.Kh1 g6 17.e5 dxe5 18.fxe5 Bg7 19.Nf2 h5 20.Nh3 Qd4 21.Rae1 Qxb2 22.Ng5 Qd4
23.Nxh5 Qh4 24.Nxg7 Qxg5 25.Rf6 Kxg7 26.Qf2 Rae8 27.h3 Re7 28.Kg1 Rc8 29.h4 Qh5
30.Rf1 Rcc7 31.Qg3 Bc6 32.R1f4 Be8 33.Rg4 Rcd7 34.Rg5 Qd1+ 35.Kh2 Qxc2 36.Rf3 Rd4
37.h5 Qd2 38.Rf6 Rxd3 39.hxg6 fxg6 40.Rgxg6+ Kh8 41.Rh6+  1-0

[Event "Mediterranean Flower WGM"]
[Site "Rijeka CRO"]
[Date "2007.03.04"]
[Round "2"]
[White "Fierro Baquero,M"]
[Black "Berke,A"]
[Result "1-0"]
[WhiteElo "2339"]
[BlackElo "2096"]

1.e4 c5 2.Nc3 Nc6 3.Bb5 g6 4.Bxc6 dxc6 5.d3 Bg7 6.Be3 b6 7.Qd2 h6 8.f4 Nf6
9.h3 Nd7 10.Nf3 Qc7 11.O-O Ba6 12.a4 Nf8 13.a5 Ne6 14.e5 O-O 15.f5 Nd4 16.Nxd4 cxd4
17.Bxd4 c5 18.Be3 Qxe5 19.Bxh6 Bb7 20.Bxg7 Kxg7 21.Rae1 Qd4+ 22.Qf2 Qd6 23.Rxe7 Qc6
24.f6+ Kg8 25.Ne4  1-0

[Event "Mediterranean Flower WGM"]
[Site "Rijeka CRO"]
[Date "2007.03.04"]
[Round "2"]
[White "Voicu,C"]
[Black "Kopinits,A"]
[Result "1-0"]
[WhiteElo "2359"]
[BlackElo "2177"]

1.e4 c5 2.Nf3 Nc6 3.Nc3 Nf6 4.d4 cxd4 5.Nxd4 e5 6.Ndb5 d6 7.Bg5 a6 8.Na3 b5
9.Nd5 Be7 10.Bxf6 Bxf6 11.c4 b4 12.Nc2 a5 13.g3 Bg5 14.h4 Bh6 15.Bh3 O-O
16.Qh5 Ne7 17.Nxe7+ Qxe7 18.Bf5 g6 19.Qxh6 gxf5 20.Ne3 f6 21.exf5 Qb7 22.O-O Qf3
23.Rfd1 Bxf5 24.Nxf5 Qxf5 25.Rxd6 Rad8 26.Rad1 Rxd6 27.Rxd6 Qb1+ 28.Kg2 Qe4+
29.Kh2 Qc2 30.Rxf6 Rxf6 31.Qxf6 Qxb2 32.h5 h6 33.c5 a4 34.c6 Qe2 35.c7 Qxh5+
36.Kg2 Qg4 37.Qd8+  1-0

[Event "I Open"]
[Site "La Laguna ESP"]
[Date "2007.03.06"]
[Round "2"]
[White "Garcia Rodriguez,An"]
[Black "Villavicencio,A"]
[Result "0-1"]
[WhiteElo "2034"]
[BlackElo "2404"]

1.e4 c5 2.Nc3 Nc6 3.Nge2 Nf6 4.d4 cxd4 5.Nxd4 d6 6.Be2 e6 7.Be3 Be7 8.O-O O-O
9.f4 Qc7 10.Kh1 a6 11.Qe1 Na5 12.Rd1 b5 13.a3 Bb7 14.Bd3 Nc4 15.Bc1 Rac8
16.Qg3 g6 17.f5 e5 18.fxg6 exd4 19.gxh7+ Kh8 20.Bh6 Nh5 21.Qg4 Ne5 22.Qxh5 dxc3
23.bxc3 Qd7 24.Rf5 f6 25.Rdf1 Qe8 26.Bxf8 Qxf8 27.Rb1 Rxc3 28.a4 Nxd3 29.cxd3 Rxd3
30.axb5 Bxe4 31.Rf4 Rd5 32.Rxe4 Rxh5 33.bxa6 Ra5  0-1

[Event "64th ch-GEO w"]
[Site "Tbilisi GEO"]
[Date "2007.03.06"]
[Round "5"]
[White "Gvetadze,Sopi"]
[Black "Lomineishvili,M"]
[Result "1/2-1/2"]
[WhiteElo "2416"]
[BlackElo "2399"]

1.e4 c5 2.Nf3 Nc6 3.Nc3 e5 4.Bc4 d6 5.d3 Be7 6.O-O Nf6 7.Ng5 O-O 8.f4 h6
9.Nf3 exf4 10.Bxf4 Be6 11.Nd5 Bxd5 12.exd5 Na5 13.Nh4 Nxc4 14.dxc4 Nxd5 15.Qxd5 Bxh4
16.Bxd6 Be7 17.Be5 Qb6 18.Rae1 Rad8 19.Qf3 Bg5 20.Bc3 Rd6 21.Re5  1/2-1/2

[Event "ch-TUR"]
[Site "Ankara TUR"]
[Date "2007.03.07"]
[Round "7"]
[White "Erdogdu,M"]
[Black "Kilicaslan,H"]
[Result "1-0"]
[WhiteElo "2409"]
[BlackElo "2260"]

1.e4 c5 2.Nf3 Nc6 3.Nc3 d6 4.d4 cxd4 5.Nxd4 Nf6 6.Bg5 Bd7 7.Be2 Rc8 8.O-O a6
9.Bxf6 gxf6 10.Nf5 Rg8 11.Bh5 Ne5 12.f4 Ng6 13.Kh1 Rc5 14.Qd4 Bc6 15.Nd5 e5
16.Qd2 Bxd5 17.exd5 Qc7 18.fxe5 fxe5 19.c3 Rc4 20.g3 Qb6 21.a4 Rc7 22.b4 a5
23.Rab1 f6 24.Rb2 Rf7 25.Rfb1 Rc7 26.Qd3 Kd8 27.bxa5 Qxa5 28.Rxb7 Rxb7 29.Rxb7 Qxa4
30.Bd1 Nf4 31.gxf4 Qxf4 32.Rb8+ Kc7 33.Rb4  1-0

[Event "I Open"]
[Site "La Laguna ESP"]
[Date "2007.03.07"]
[Round "3"]
[White "Kolev,At"]
[Black "Hernando Rodrigo,Jo"]
[Result "1-0"]
[WhiteElo "2502"]
[BlackElo "2375"]

1.e4 c5 2.Nf3 Nc6 3.Nc3 Nf6 4.Bb5 e5 5.Bxc6 dxc6 6.Nxe5 Nxe4 7.Nxe4 Qd4 8.O-O Qxe5
9.d3 Be7 10.Bd2 O-O 11.Bc3 Qf4 12.Re1 Be6 13.Ng3 g6 14.Re4 Qd6 15.Qe2 b5
16.b3 a5 17.Re1 a4 18.Qe3 Rfd8 19.Nh5 Bd5 20.Qh6 Bf8 21.Qg5 Bxe4 22.Nf6+ Kh8
23.Nxe4+ Qd4 24.Bxd4+ cxd4 25.Qf6+  1-0

[Event "I Open"]
[Site "La Laguna ESP"]
[Date "2007.03.08"]
[Round "5"]
[White "Kolev,At"]
[Black "Zambrana,O"]
[Result "1-0"]
[WhiteElo "2502"]
[BlackElo "2495"]

1.e4 c5 2.Nf3 Nc6 3.Nc3 e5 4.Bc4 Be7 5.d3 d6 6.O-O Nf6 7.Ng5 O-O 8.f4 exf4
9.Bxf4 h6 10.Nf3 Be6 11.Nd5 Bxd5 12.Bxd5 Nxd5 13.exd5 Ne5 14.Bxe5 dxe5 15.c4 Bd6
16.g4 g6 17.Kh1 Kh7 18.Rg1 f5 19.gxf5 Rxf5 20.Nd2 e4 21.Qg4 Rg5 22.Qxe4 Qf6
23.Rxg5 Qxg5 24.Qg2 Qe3 25.Rg1 Rg8 26.Ne4 Be5 27.b3 b6 28.Qf1 Kg7 29.Rg2 Rf8
30.Rxg6+ Kxg6 31.Qxf8 Qxd3 32.Qg8+ Kf5 33.Ng3+ Kf4 34.Kg2 Qf3+ 35.Kh3 Ke3
36.Qg4 Qf6 37.Qe2+  1-0

[Event "I Open"]
[Site "La Laguna ESP"]
[Date "2007.03.09"]
[Round "6"]
[White "Sanz Alonso,F"]
[Black "Perez Aleman,P"]
[Result "1-0"]
[WhiteElo "2415"]
[BlackElo "2140"]

1.e4 c5 2.Nf3 Nc6 3.Nc3 g6 4.d4 cxd4 5.Nxd4 Bg7 6.Be3 d6 7.Qd2 Nf6 8.f3 O-O
9.Bc4 Bd7 10.O-O-O Rb8 11.Bb3 Na5 12.Kb1 b5 13.Bg5 Nc4 14.Qe2 Qa5 15.Bxf6 Bxf6
16.Nd5 Bg7 17.Nxe7+ Kh8 18.h4 Qd8 19.Nd5 a5 20.Bxc4 bxc4 21.Qxc4 Be6 22.c3 Bxd5
23.exd5 Qb6 24.Rd2 Rfe8 25.Nc6 Rb7 26.Ka1 Qe3 27.Qd3 Qxd3 28.Rxd3 Re2 29.Rb1 a4
30.a3 Rxg2 31.Na5 Rc7 32.Re1 Be5 33.Rxe5 dxe5 34.d6 Rd7 35.c4 f5 36.c5 e4
37.fxe4 fxe4 38.c6 Rf7 39.d7 exd3 40.d8=Q+ Kg7 41.Qxd3 Rg1+ 42.Ka2 Rff1 43.Qd4+ Kh6
44.Qxa4 Ra1+ 45.Kb3 Rg3+ 46.Kb4 Rc1 47.Nc4 Rg4 48.b3 Rxh4 49.c7 Rf1 50.c8=Q Rf5
51.Qad7 Rhf4 52.Qd2 g5 53.a4 Kg6 54.Qg8+ Kh5 55.Qxh7+  1-0

[Event "Mediterranean Flower WGM"]
[Site "Rijeka CRO"]
[Date "2007.03.10"]
[Round "9"]
[White "Voicu,C"]
[Black "Berke,A"]
[Result "1/2-1/2"]
[WhiteElo "2359"]
[BlackElo "2096"]

1.e4 c5 2.Nf3 Nc6 3.Nc3 Nf6 4.d4 cxd4 5.Nxd4 e5 6.Ndb5 d6 7.Bg5 a6 8.Na3 b5
9.Nd5 Be7 10.Bxf6 Bxf6 11.c4 b4 12.Nc2 Rb8 13.b3 O-O 14.g3 Be7 15.Bg2 Be6
16.O-O Qd7 17.Qd3 Bd8 18.Rad1 Bxd5 19.Qxd5 Bc7 20.Rd2 Rfd8 21.Rfd1 Qe8 22.Bh3 Bb6
23.Qd3 a5 24.Kg2 Bd4 25.Qf3  1/2-1/2

[Event "TCh-BEL 2006-7"]
[Site "Belgium BEL"]
[Date "2007.03.11"]
[Round "10"]
[White "Zaragatski,I"]
[Black "Goloshchapov,A"]
[Result "1/2-1/2"]
[WhiteElo "2445"]
[BlackElo "2555"]

1.e4 c5 2.Nf3 Nc6 3.Nc3 d6 4.d4 cxd4 5.Nxd4 Nf6 6.f3 e6 7.Be3 Be7 8.Qd2 O-O
9.O-O-O a6 10.g4 Nxd4 11.Qxd4 b5 12.g5 Nd7 13.h4 Qa5 14.Kb1 b4 15.Ne2 Bb7
16.Qd2 Ne5 17.Nd4 d5 18.Qh2 Nc4 19.Nb3 Qb5 20.Nd4 Qa5 21.Nb3 Qb5 22.Nd4  1/2-1/2

[Event "VS Arhipov Mem"]
[Site "Chelyabinsk RUS"]
[Date "2007.03.11"]
[Round "3"]
[White "Bezgodov,A"]
[Black "Sveshnikov,E"]
[Result "1-0"]
[WhiteElo "2552"]
[BlackElo "2504"]

1.e4 c5 2.Nc3 Nc6 3.Nge2 e5 4.Ng3 Nf6 5.Bc4 d6 6.d3 g6 7.O-O h5 8.Bg5 h4
9.Nd5 Bg7 10.Qf3 Nxd5 11.Bxd8 Nd4 12.Qd1 Nf4 13.Bxh4 Rxh4 14.c3 Nde6 15.Ne2 Bd7
16.g3 Nh3+ 17.Kg2 Rh7 18.Qb3 O-O-O 19.Bb5 Bxb5 20.Qxb5 Rdh8 21.Rh1 f5 22.Qc4 Kd7
23.Qa4+ Kc7 24.Qxa7 c4 25.Qa5+ Kb8 26.Qd5 cxd3 27.Qxd6+ Ka8 28.Qxd3 Nc5 29.Qb5 Nxe4
30.Raf1 Bf6 31.f3 Neg5 32.Rd1 e4 33.f4 Nf3 34.Rd6 Nxf4+ 35.Nxf4 Rxh2+ 36.Rxh2 Rxh2+
37.Kf1 e3 38.Qe8+ Ka7 39.Qxe3+  1-0

[Event "ch-RUS U20 Girls"]
[Site "Saint Petersburg RUS"]
[Date "2007.03.11"]
[Round "2"]
[White "Lomako,A"]
[Black "Shlakich,A"]
[Result "0-1"]
[WhiteElo "2300"]
[BlackElo "2225"]

1.e4 c5 2.Nc3 Nc6 3.Bb5 Nd4 4.Bc4 g6 5.Nf3 Bg7 6.Nxd4 cxd4 7.Qf3 Nh6 8.Ne2 O-O
9.d3 Ng4 10.Bb3 d6 11.Qg3 Nf6 12.f4 Nd7 13.O-O a5 14.a4 Nc5 15.Bc4 e6 16.f5 exf5
17.Bf4 Qb6 18.Bxd6 Nxe4 19.dxe4 d3+ 20.Rf2 dxe2 21.Bxf8 Bxf8 22.exf5 Bxf5
23.Kh1 Bd6 24.Qf3 Qxb2 25.Re1 Qe5 26.Qg3 Qxg3 27.hxg3 Bxg3 28.Rxf5 gxf5 29.Rxe2 Rd8
30.Bd3 Rd4 31.Re3 Bf2 32.Rf3 Rh4+ 33.Rh3 Rxa4 34.Bxf5 Ra1+ 35.Kh2 a4 36.Bxh7+ Kg7
37.Be4 b5 38.Rh7+ Kf6 39.Bd5 Ke5 40.Bxf7 Kf4 41.Rg7 a3 42.g3+ Kf3 43.Bd5+ Ke2
44.Rg8 Kd2 45.Kg2 Bd4 46.Bb3 a2 47.Bxa2 Rxa2 48.Rb8 Rb2 49.Rd8 Kc3 50.Rc8+ Kb4
51.Kf3 Bc3 52.g4 Rxc2 53.g5 Kb3 54.g6 Rd2 55.Rc7 Rd6 56.Rc5 b4 57.Rg5 Rd7  0-1

[Event "I Open"]
[Site "La Laguna ESP"]
[Date "2007.03.12"]
[Round "9"]
[White "Fernandez Garcia,JoseL"]
[Black "Zambrana,O"]
[Result "0-1"]
[WhiteElo "2463"]
[BlackElo "2495"]

1.e4 c5 2.Nf3 Nc6 3.Nc3 e5 4.Bc4 Be7 5.d3 d6 6.O-O Nf6 7.Ng5 O-O 8.f4 Bg4
9.Nf3 exf4 10.Bxf4 Qd7 11.Qd2 Be6 12.Rae1 Rae8 13.Bxe6 fxe6 14.e5 dxe5 15.Nxe5 Nxe5
16.Bxe5 Ng4 17.Rxf8+ Rxf8 18.Qe2 Nxe5 19.Qxe5 Bf6 20.Qe2 Bd4+ 21.Kh1 Rf2
22.Qd1 Bxc3 23.bxc3 Qd5 24.Qg4 Qf5 25.Qd1 Qg5 26.Rg1 Qe3 27.h3 h6 28.a4 b6
29.c4 Rd2 30.Qb1 Kh7 31.a5 bxa5 32.Qe1 Re2 33.Qxa5 Rxc2 34.Qxa7 Rd2 35.Qa1 Qxd3
36.Re1 Qg6 37.Rg1 Qe4 38.Qe1 Re2 39.Qb1 Rc2 40.Qb5 Rxc4 41.Rf1 Rc3 42.Kh2 Rc2  0-1

[Event "60th ch-RUS sf Urals"]
[Site "Nizhnij Tagil RUS"]
[Date "2007.03.14"]
[Round "1"]
[White "Chuprov,D"]
[Black "Figura,L"]
[Result "1-0"]
[WhiteElo "2534"]
[BlackElo "2199"]

1.e4 c5 2.Nc3 Nc6 3.Bb5 Nd4 4.Bc4 g6 5.Nf3 Bg7 6.Nxd4 Bxd4 7.O-O d6 8.d3 Bg7
9.f4 e6 10.f5 gxf5 11.exf5 d5 12.Bb3 Nf6 13.Bg5 O-O 14.Kh1 Bd7 15.a4 Bc6
16.Qe1 Qd6 17.Qh4 e5 18.Rf3 Rad8 19.Rg3 Kh8 20.Rh3  1-0

[Event "66th ch-GEO"]
[Site "Tbilisi GEO"]
[Date "2007.03.14"]
[Round "1"]
[White "Aroshidze,L"]
[Black "Nigalidze,G"]
[Result "1-0"]
[WhiteElo "2531"]
[BlackElo "2224"]

1.e4 c5 2.Nf3 Nc6 3.Nc3 Nf6 4.Bb5 g6 5.Bxc6 dxc6 6.h3 Bg7 7.d3 O-O 8.Be3 Nd7
9.Qd2 Re8 10.Bh6 Bh8 11.h4 Qb6 12.O-O-O Ne5 13.h5 Nxf3 14.gxf3 Qb4 15.Rdg1 e5
16.hxg6 fxg6 17.Bf8 Rxf8 18.Qh6 Rf7 19.Rxg6+ Bg7 20.Qxh7+ Kf8 21.Rhg1 Bf5
22.exf5 Qf4+ 23.Kb1 Qxf5  1-0

[Event "VS Arhipov Mem"]
[Site "Chelyabinsk RUS"]
[Date "2007.03.15"]
[Round "7"]
[White "Kurnosov,I"]
[Black "Sveshnikov,E"]
[Result "1-0"]
[WhiteElo "2580"]
[BlackElo "2504"]

1.e4 c5 2.Nc3 Nc6 3.Nge2 e5 4.Ng3 Nf6 5.Bc4 d6 6.d3 Be7 7.O-O O-O 8.f4 Bg4
9.Qd2 exf4 10.Rxf4 Ne5 11.Nf5 Bxf5 12.Rxf5 Nxc4 13.dxc4 Qd7 14.Qd3 Rae8 15.Bd2 Bd8
16.Raf1 Re6 17.Bg5 Ng4 18.Bf4 Nf6 19.Qf3 g6 20.Bh6 Nxe4 21.Nxe4 gxf5 22.Qxf5 Qe8
23.Bxf8 Kxf8 24.Rf4 Rg6 25.Qd5 Qe6 26.Qxb7 Bf6 27.c3 Be5 28.Rf3 Qxc4 29.Qxa7 Kg7
30.Qe7 Qxa2 31.Ng3 Bxg3 32.hxg3 Qe6 33.Qxe6 fxe6 34.b4 cxb4 35.cxb4 Rg5 36.Rd3 d5
37.b5 Kf6 38.b6 Rg7 39.Rb3 Rb7 40.g4 Ke5 41.g5 Kd6 42.Rh3 Kc5 43.Rh6 e5 44.Kf2 Rxb6
45.Rxh7 Rg6 46.Rh5 d4 47.Kf3 Kd5 48.Kg4 e4 49.Kf5 Rg8 50.g6 e3 51.Kf6+ Kc4
52.Re5 Rf8+ 53.Ke7 Rb8 54.g7 d3 55.Re4+ Kc5 56.Rxe3 Kd4 57.Re6 d2 58.Rd6+ Ke3
59.g4 Ke2 60.g5 Rb7+ 61.Kf8 Rb8+ 62.Kf7 Rb7+ 63.Kf6 Rb8 64.Rxd2+ Kxd2 65.Kf7 Rb7+
66.Kg6 Rb8 67.Kh7 Rb7 68.Kh8  1-0

[Event "Bundesliga 2006-7"]
[Site "Muelheim GER"]
[Date "2007.03.17"]
[Round "12"]
[White "Landa,K"]
[Black "Khenkin,I"]
[Result "1/2-1/2"]
[WhiteElo "2596"]
[BlackElo "2611"]

1.e4 c5 2.Nf3 Nc6 3.Nc3 d6 4.d4 cxd4 5.Nxd4 Nf6 6.Bg5 Bd7 7.Be2 Qa5 8.Bxf6 gxf6
9.O-O Nxd4 10.Qxd4 Rc8 11.a4 Qc5 12.Qd2 a6 13.Nd5 Qxc2 14.Qe3 Bh6 15.Qxh6 Qxe2
16.Qg7 Rf8 17.Nb6 Rd8 18.Nxd7 Kxd7 19.Qxh7 Qg4 20.Ra3 Rh8 21.Qxf7 Rdg8 22.Rg3 Qh4
23.h3 Rxg3 24.fxg3 Qxg3 25.Qd5 Kc7 26.Rf3 Qe1+ 27.Kh2 Rh4 28.Rc3+ Kb8 29.Rb3 Qxe4
30.Rxb7+ Kc8 31.Qxe4 Rxe4 32.Ra7 Kd8 33.Rxa6 Rb4 34.a5 Rxb2 35.Ra8+ Kd7 36.h4 Ke6
37.a6 Ra2 38.h5 Kf7 39.Kg3 Kg7 40.Ra7 Kh6 41.Rxe7 Rxa6 42.Re6 Kxh5  1/2-1/2